<?xml version="1.0" encoding="UTF-8"?>
<record
    xmlns:xsi="http://www.w3.org/2001/XMLSchema-instance"
    xsi:schemaLocation="http://www.loc.gov/MARC21/slim http://www.loc.gov/standards/marcxml/schema/MARC21slim.xsd"
    xmlns="http://www.loc.gov/MARC21/slim">

  <leader>01843nam a22002777a 4500</leader>
  <datafield tag="999" ind1=" " ind2=" ">
    <subfield code="c">97451</subfield>
    <subfield code="d">97451</subfield>
  </datafield>
  <controlfield tag="003">NALT</controlfield>
  <controlfield tag="005">20210608153354.0</controlfield>
  <controlfield tag="008">200723b        th ||||| |||| 00| 0 tha d</controlfield>
  <datafield tag="020" ind1=" " ind2=" ">
    <subfield code="a">9786165436502</subfield>
  </datafield>
  <datafield tag="040" ind1=" " ind2=" ">
    <subfield code="a">NALT</subfield>
  </datafield>
  <datafield tag="050" ind1=" " ind2=" ">
    <subfield code="a">DS 568</subfield>
    <subfield code="b">&#xE0A;622 2562</subfield>
  </datafield>
  <datafield tag="245" ind1="0" ind2="0">
    <subfield code="a">&#xE0A;&#xE38;&#xE21;&#xE0A;&#xE19;&#xE14;&#xE31;&#xE49;&#xE07;&#xE40;&#xE14;&#xE34;&#xE21;&#xE43;&#xE15;&#xE49;&#xE23;&#xE48;&#xE21;&#xE1E;&#xE23;&#xE30;&#xE1A;&#xE32;&#xE23;&#xE21;&#xE35;&#xE08;&#xE31;&#xE01;&#xE23;&#xE35;&#xE27;&#xE07;&#xE28;&#xE4C; /</subfield>
    <subfield code="c">&#xE01;&#xE23;&#xE30;&#xE17;&#xE23;&#xE27;&#xE07;&#xE27;&#xE31;&#xE12;&#xE19;&#xE18;&#xE23;&#xE23;&#xE21; ; &#xE04;&#xE49;&#xE19;&#xE04;&#xE27;&#xE49;&#xE32;&#xE40;&#xE23;&#xE35;&#xE22;&#xE1A;&#xE40;&#xE23;&#xE35;&#xE22;&#xE07; &#xE2A;&#xE21;&#xE0A;&#xE32;&#xE22; &#xE13; &#xE19;&#xE04;&#xE23;&#xE1E;&#xE19;&#xE21;, &#xE08;&#xE32;&#xE23;&#xE38;&#xE13;&#xE35; &#xE2D;&#xE34;&#xE19;&#xE40;&#xE09;&#xE34;&#xE14;&#xE09;&#xE32;&#xE22;, &#xE19;&#xE34;&#xE0A;&#xE19;&#xE31;&#xE19;&#xE17;&#xE4C; &#xE01;&#xE25;&#xE32;&#xE07;&#xE27;&#xE34;&#xE0A;&#xE31;&#xE22;.</subfield>
  </datafield>
  <datafield tag="260" ind1=" " ind2=" ">
    <subfield code="a">&#xE01;&#xE23;&#xE38;&#xE07;&#xE40;&#xE17;&#xE1E;&#xE2F; :</subfield>
    <subfield code="b">&#xE42;&#xE23;&#xE07;&#xE1E;&#xE34;&#xE21;&#xE1E;&#xE4C;&#xE0A;&#xE38;&#xE21;&#xE19;&#xE38;&#xE21;&#xE2A;&#xE2B;&#xE01;&#xE23;&#xE13;&#xE4C;&#xE01;&#xE32;&#xE23;&#xE40;&#xE01;&#xE29;&#xE15;&#xE23;&#xE41;&#xE2B;&#xE48;&#xE07;&#xE1B;&#xE23;&#xE30;&#xE40;&#xE17;&#xE28;&#xE44;&#xE17;&#xE22;,</subfield>
    <subfield code="c">2562.</subfield>
  </datafield>
  <datafield tag="300" ind1=" " ind2=" ">
    <subfield code="a">155 &#xE2B;&#xE19;&#xE49;&#xE32; :</subfield>
    <subfield code="b">&#xE20;&#xE32;&#xE1E;&#xE1B;&#xE23;&#xE30;&#xE01;&#xE2D;&#xE1A; ;</subfield>
    <subfield code="c">26 &#xE0B;&#xE21;.</subfield>
  </datafield>
  <datafield tag="500" ind1=" " ind2=" ">
    <subfield code="a">&#xE23;&#xE31;&#xE10;&#xE1A;&#xE32;&#xE25;&#xE42;&#xE14;&#xE22;&#xE01;&#xE23;&#xE30;&#xE17;&#xE23;&#xE27;&#xE07;&#xE27;&#xE31;&#xE12;&#xE19;&#xE18;&#xE23;&#xE23;&#xE21;&#xE08;&#xE31;&#xE14;&#xE1E;&#xE34;&#xE21;&#xE1E;&#xE4C; &#xE40;&#xE19;&#xE37;&#xE48;&#xE2D;&#xE07;&#xE43;&#xE19;&#xE42;&#xE2D;&#xE01;&#xE32;&#xE2A;&#xE1E;&#xE23;&#xE30;&#xE23;&#xE32;&#xE0A;&#xE1E;&#xE34;&#xE18;&#xE35;&#xE1A;&#xE23;&#xE21;&#xE23;&#xE32;&#xE0A;&#xE32;&#xE20;&#xE34;&#xE40;&#xE29;&#xE01; &#xE1E;&#xE38;&#xE17;&#xE18;&#xE28;&#xE31;&#xE01;&#xE23;&#xE32;&#xE0A; 2562</subfield>
  </datafield>
  <datafield tag="650" ind1=" " ind2="4">
    <subfield code="9">33929</subfield>
    <subfield code="a">&#xE0A;&#xE38;&#xE21;&#xE0A;&#xE19; </subfield>
    <subfield code="z">&#xE44;&#xE17;&#xE22; </subfield>
    <subfield code="x">&#xE04;&#xE27;&#xE32;&#xE21;&#xE40;&#xE1B;&#xE47;&#xE19;&#xE2D;&#xE22;&#xE39;&#xE48;&#xE41;&#xE25;&#xE30;&#xE1B;&#xE23;&#xE30;&#xE40;&#xE1E;&#xE13;&#xE35;</subfield>
  </datafield>
  <datafield tag="651" ind1=" " ind2="0">
    <subfield code="a">&#xE44;&#xE17;&#xE22; </subfield>
    <subfield code="x">&#xE04;&#xE27;&#xE32;&#xE21;&#xE40;&#xE1B;&#xE47;&#xE19;&#xE2D;&#xE22;&#xE39;&#xE48;&#xE41;&#xE25;&#xE30;&#xE1B;&#xE23;&#xE30;&#xE40;&#xE1E;&#xE13;&#xE35;</subfield>
    <subfield code="9">7234</subfield>
  </datafield>
  <datafield tag="700" ind1="0" ind2=" ">
    <subfield code="a">&#xE2A;&#xE21;&#xE0A;&#xE32;&#xE22; &#xE13; &#xE19;&#xE04;&#xE23;&#xE1E;&#xE19;&#xE21;</subfield>
    <subfield code="9">46364</subfield>
  </datafield>
  <datafield tag="700" ind1="0" ind2=" ">
    <subfield code="9">46410</subfield>
    <subfield code="a">&#xE08;&#xE32;&#xE23;&#xE38;&#xE13;&#xE35; &#xE2D;&#xE34;&#xE19;&#xE40;&#xE09;&#xE34;&#xE14;&#xE09;&#xE32;&#xE22;</subfield>
  </datafield>
  <datafield tag="700" ind1="0" ind2=" ">
    <subfield code="9">46411</subfield>
    <subfield code="a">&#xE19;&#xE34;&#xE0A;&#xE19;&#xE31;&#xE19;&#xE17;&#xE4C; &#xE01;&#xE25;&#xE32;&#xE07;&#xE27;&#xE34;&#xE0A;&#xE31;&#xE22;</subfield>
  </datafield>
  <datafield tag="710" ind1="2" ind2=" ">
    <subfield code="a">&#xE01;&#xE23;&#xE30;&#xE17;&#xE23;&#xE27;&#xE07;&#xE27;&#xE31;&#xE12;&#xE19;&#xE18;&#xE23;&#xE23;&#xE21;</subfield>
    <subfield code="9">9345</subfield>
  </datafield>
  <datafield tag="850" ind1=" " ind2=" ">
    <subfield code="a">NALT</subfield>
  </datafield>
  <datafield tag="942" ind1=" " ind2=" ">
    <subfield code="c">GB</subfield>
    <subfield code="2">lcc</subfield>
  </datafield>
  <datafield tag="998" ind1=" " ind2=" ">
    <subfield code="a">bijaya</subfield>
    <subfield code="b">phon</subfield>
    <subfield code="c">phon</subfield>
    <subfield code="j">104</subfield>
    <subfield code="k"> &#xE2A;&#xE32;&#xE22;&#xE1D;&#xE19; &#xE14;&#xE35;&#xE07;&#xE32;&#xE21;</subfield>
  </datafield>
  <datafield tag="952" ind1=" " ind2=" ">
    <subfield code="0">0</subfield>
    <subfield code="1">0</subfield>
    <subfield code="2">lcc</subfield>
    <subfield code="4">0</subfield>
    <subfield code="7">0</subfield>
    <subfield code="8">CGBL</subfield>
    <subfield code="a">NALT</subfield>
    <subfield code="b">NALT</subfield>
    <subfield code="c">GEN</subfield>
    <subfield code="d">2020-07-23</subfield>
    <subfield code="l">0</subfield>
    <subfield code="o">DS 568 &#xE0A;622 2562</subfield>
    <subfield code="p">3961211192</subfield>
    <subfield code="r">2020-08-04 00:00:00</subfield>
    <subfield code="w">2020-07-23</subfield>
    <subfield code="y">GB</subfield>
  </datafield>
</record>
